| 000 | 00343nam a22001457a 4500 | ||
|---|---|---|---|
| 008 | 250423b ||||| |||| 00| 0 eng d | ||
| 020 | _a6015930 | ||
| 041 | _aeng | ||
| 080 |
_21960 _a101GAL |
||
| 082 |
_2101GAL _a101GAL |
||
| 100 | _a42 | ||
| 101 | _aFILOZOFI | ||
| 245 |
_aDISCOURSE ONE BODIES IN WATER _cGALILEO GALILEI |
||
| 942 |
_2udc _cBK |
||
| 999 |
_c60691 _d60691 |
||